Chick and the ducklind (the) / : (Record no. 105167)
[ view plain ]
| 000 -LEADER | |
|---|---|
| fixed length control field | 00682nam a2200181 a 4500 |
| 005 - DATE AND TIME OF LATEST TRANSACTION | |
| control field | 20140412111343.0 |
| 008 - FIXED-LENGTH DATA ELEMENTS--GENERAL INFORMATION | |
| fixed length control field | 040205s19uu xx 00 eng d |
| 020 ## - INTERNATIONAL STANDARD BOOK NUMBER | |
| International Standard Book Number | 0-395-80434-5 |
| 050 ## - LIBRARY OF CONGRESS CALL NUMBER | |
| Classification number | ER |
| Item number | Ch43 1997 |
| 100 ## - MAIN ENTRY--PERSONAL NAME | |
| Personal name | Ginsburg, Mirra |
| 245 ## - TITLE STATEMENT | |
| Title | Chick and the ducklind (the) / : |
| Statement of responsibility, etc | Mirra Ginsburg; pictures by Jose Aruego & Arianne Dewey. |
| Remainder of title | translated from Russian of V. Suteyev / |
| 260 ## - PUBLICATION, DISTRIBUTION, ETC. (IMPRINT) | |
| Place of publication, distribution, etc | Boston : |
| Name of publisher, distributor, etc | Houghton Mifflin company, |
| Date of publication, distribution, etc | 1997. |
| 300 ## - PHYSICAL DESCRIPTION | |
| Extent | 38 p. ; ill. |
| 500 ## - GENERAL NOTE | |
| General note | Contents: The Chick and the duckling--Big--The Baby Chicks sing--A Duckling Grows-up--I'm a yellow-Bill Duck. |
| 650 ## - SUBJECT ADDED ENTRY--TOPICAL TERM | |
| Topical term or geographic name as entry element | Chicks--Fiction |
| 650 ## - SUBJECT ADDED ENTRY--TOPICAL TERM | |
| Topical term or geographic name as entry element | Ducklings--Fiction |
| Withdrawn status | Lost status | Damaged status | Use restrictions | Home library | Current library | Shelving location | Date acquired | Source of acquisition | Cost, normal purchase price | Total Checkouts | Full call number | Barcode | Date last seen | Price effective from | Koha item type |
|---|---|---|---|---|---|---|---|---|---|---|---|---|---|---|---|
| Elizalde Library | Elizalde Library | Easy Reading Section | 02/05/2004 | 35.00 | ER Ch43 1997 | E9516 | 04/12/2014 | 04/12/2014 | Books |